|
|
|
|
| LEADER |
00000nam0a2200000 4500 |
| 001 |
124422 |
| 005 |
20250519140605.0 |
| 035 |
|
|
|a (RuTPU)RU\TPU\book\134654
|
| 090 |
|
|
|a 124422
|
| 100 |
|
|
|a 20071101d1982 m y0rusy50 ca
|
| 101 |
0 |
|
|a rus
|
| 102 |
|
|
|a RU
|
| 105 |
|
|
|a a z 000zy
|
| 200 |
1 |
|
|a Седых Юрий
|f сост. Е. Г. Богатырев
|
| 210 |
|
|
|a Москва
|c Физкультура и спорт
|d 1982
|
| 215 |
|
|
|a 45 с.
|c ил.
|
| 225 |
1 |
|
|a Герои олимпийских игр
|
| 333 |
|
|
|a Исключено из фонда НТБ ТПУ
|
| 610 |
1 |
|
|a метание молота
|
| 610 |
1 |
|
|a чемпионы
|
| 610 |
1 |
|
|a Олимпийские игры
|
| 610 |
1 |
|
|a метание молота
|
| 610 |
1 |
|
|a фото
|
| 675 |
|
|
|a 793.14
|v 3
|
| 702 |
|
1 |
|a Богатырев
|b Е. Г.
|g Евгений Григорьевич
|4 220
|
| 801 |
|
1 |
|a RU
|b 63413507
|c 20071101
|g PSBO
|
| 801 |
|
2 |
|a RU
|b 63413507
|c 20071101
|g PSBO
|
| 850 |
|
|
|a 63413507
|
| 942 |
|
|
|c BK
|